00417nam a2200145Ia 4500008004100000020001300041041000800054082001600062100002600078245007900104250000600183260006100189300001200250650000900262210716s1998 xx 000 0 und d a74622137 aeng a005.43 KUTN aKutti, Narayanaswamy. aC and unix programming: a conceptual perspective.bConceptual perspective. a1 aNew DelhibTata McGraw Hill Publishing Company Ltdc1998 axvi,429 aUnix